Vplyv vybraných liečiv na priebeh mezofilnej a termofilnej anaeróbnej fermentácie

Saved in:
Bibliographic Details
Main Author: Fáberová, Milota (Author)
Other Authors: Bodík, Igor (Thesis advisor)
Format: Manuscript Book
Language:Slovak
Published: 2017
Subjects:
Online Access:http://is.stuba.sk/zp/portal_zp.pl?podrobnosti=111570
Tags: Add Tag
No Tags, Be the first to tag this record!

MARC

LEADER 00000ntm a22000003a 4500
001 stuzp42658
003 SK-STU
005 20170826210244.5
007 ta
008 150427s2015----xo-----f-mn---000-0-slo-d
040 |a STU  |b slo 
041 0 |a slo 
100 1 |a Fáberová, Milota  |u 046290  |4 aut  |U FCHPT Ústav chemického a environmentálneho inžinierstva  |T FCHPT Oddelenie environmentálneho inžinierstva  |X 50025  |U C6290  |Y 120  |7 A0000050025 
242 0 1 |a Effect of selected pharmaceuticals on mesophilic and thermophilic anaerobic fermentation  |y eng 
245 1 0 |a Vplyv vybraných liečiv na priebeh mezofilnej a termofilnej anaeróbnej fermentácie 
260 |c 2017 
650 4 |a odpadové vody  |2 slo 
650 4 |a anaeróbna fermentácia  |2 slo 
650 4 |a farmaceutika  |2 slo 
650 4 |a produkcia bioplynu  |2 slo 
650 4 |a anaerobic fermentation  |2 eng 
650 4 |a pharmaceuticals  |2 eng 
650 4 |a biogas production  |2 eng 
650 4 |a waste water  |2 eng 
700 1 |a Bodík, Igor  |u 046290  |k Z1  |4 ths  |U FCHPT Ústav chemického a environmentálneho inžinierstva  |T FCHPT Oddelenie environmentálneho inžinierstva  |X 3340  |U C6290  |Y 120  |7 A000003340 
856 4 |u http://is.stuba.sk/zp/portal_zp.pl?podrobnosti=111570